Normal view
MARC view
Entry Personal Name
001 - CONTROL NUMBER
- control field: 307160
003 - CONTROL NUMBER IDENTIFIER
- control field: DLC
005 - DATE AND TIME OF LATEST TRANSACTION
- control field: 20240712130000.0
008 - FIXED-LENGTH DATA ELEMENTS
- fixed length control field: 210702n| azannabbn |n aaa
010 ## - LIBRARY OF CONGRESS CONTROL NUMBER
- LC control number: n 2021182005
035 ## - SYSTEM CONTROL NUMBER
- System control number: (DNLM)9818227768406676
040 ## - CATALOGING SOURCE
- Original cataloging agency: DNLM
- Language of cataloging: eng
- Description conventions: rda
- Transcribing agency: DNLM
- Modifying agency: MY-SjTCS
100 1# - HEADING--PERSONAL NAME
- Personal name: Read, Emma K.
374 ## - OCCUPATION
- Occupation: College department heads
- Source of term: lcsh
375 ## - GENDER
- Gender: female
377 ## - ASSOCIATED LANGUAGE
- Language code: eng
670 ## - SOURCE DATA FOUND
- Source citation: Veterinary clinical skills, 2021:
- Information found: ECIP title page (Emma K. Read, The Ohio State University, Columbus, OH, USA)